| 000 | 00443cam a22001097a 4500 | ||
|---|---|---|---|
| 008 | 180718b1961 xxu||||| |||| 00| 0 eng d | ||
| 082 | _aP6x54 In2p | ||
| 245 |
_aEducational and technical training requirements of production process workers in the plastic industry _cby Ministry of labour and Employment, India. |
||
| 260 |
_aNew Delhi _bThe Manager Government of Indian _c1961 |
||
| 300 | _a31p | ||
| 700 | _aIndia. Ministry of Labour and Employment | ||
| 999 |
_c494816 _d494816 |
||